[Event "Benidorm op U2300 11th"]
[Site "Benidorm"]
[Date "2012.12.05"]
[Round "6"]
[White "Murcia Paredes, Angel"]
[Black "Pique Safont, Juan Manuel"]
[Result "1-0"]
[WhiteElo "2163"]
[BlackElo "2017"]
[PlyCount "75"]
[EventDate "2012.11.30"]
[EventType "swiss"]
[EventRounds "10"]
[EventCountry "ESP"]
[SourceTitle "EXT 2014"]
[Source "ChessBase"]
[SourceDate "2013.11.20"]
[SourceVersion "1"]
[SourceVersionDate "2013.11.20"]
[SourceQuality "1"]

1. e4 d5 2. exd5 Qxd5 3. Nc3 Qa5 4. d4 Nf6 5. Nf3 Bf5 6. Bc4 e6 7. Bd2 c6 8. Qe2 Bb4 9. 0-0 0-0 10. a3 Bxc3 11. Bxc3 Qc7 12. Bd2 Bxc2 13. Bb4 c5 14. Bxc5 Rc8 15. Qxc2 b6 16. b4 bxc5 17. dxc5 a5 18. h3 h6 19. Rab1 Nbd7 20. Rfc1 Qf4 21. Qd2 Qc7 22. Nd4 axb4 23. axb4 Qe5 24. Nf3 Qf5 25. Qe3 Rab8 26. Nd4 Qg6 27. Bd3 Qh5 28. c6 Nd5 29. cxd7 Rd8 30. Qg3 Ra8 31. Be2 Qg5 32. Qxg5 hxg5 33. Bb5 e5 34. Nf5 Rab8 35. Rc5 Nc3 36. Rxc3 Rxb5 37. Rd1 Rbb8 38. Rc8 1-0

[Event "Bellpuig op 2nd"]
[Site "Bellpuig"]
[Date "2012.03.03"]
[Round "8"]
[White "Llavall Sans, Daniel"]
[Black "Pique Safont, Juan Manuel"]
[Result "1/2-1/2"]
[WhiteElo "2088"]
[BlackElo "2039"]
[PlyCount "44"]
[EventDate "2012.01.14"]
[EventType "swiss"]
[EventRounds "8"]
[EventCountry "ESP"]
[SourceTitle "EXT 2014"]
[Source "ChessBase"]
[SourceDate "2013.11.20"]
[SourceVersion "1"]
[SourceVersionDate "2013.11.20"]
[SourceQuality "1"]

1. d4 Nf6 2. Nc3 d5 3. Bg5 h6 4. Bf4 Bf5 5. e3 e6 6. Bd3 c6 7. Bxf5 exf5 8. Qd3 g6 9. Nf3 Ne4 10. Ne5 Bg7 11. f3 Nxc3 12. bxc3 Nd7 13. Nxd7 Qxd7 14. 0-0 0-0 15. c4 dxc4 16. Qxc4 Rfe8 17. Rae1 Re6 18. Bg3 Rae8 19. Bf2 Bf6 20. Qd3 Bg5 21. Re2 Qe7 22. Rfe1 b6 1/2-1/2

[Event "Bellpuig op 2nd"]
[Site "Bellpuig"]
[Date "2012.01.21"]
[Round "2"]
[White "Boldu Quiros, Josep"]
[Black "Pique Safont, Juan Manuel"]
[Result "1/2-1/2"]
[WhiteElo "1713"]
[BlackElo "2039"]
[PlyCount "167"]
[EventDate "2012.01.14"]
[EventType "swiss"]
[EventRounds "8"]
[EventCountry "ESP"]
[SourceTitle "EXT 2014"]
[Source "ChessBase"]
[SourceDate "2013.11.20"]
[SourceVersion "1"]
[SourceVersionDate "2013.11.20"]
[SourceQuality "1"]

1. e4 d5 2. exd5 Qxd5 3. Nc3 Qa5 4. Nf3 Nf6 5. d4 Bf5 6. Bc4 e6 7. Bd2 c6 8. 0-0 Qc7 9. Ne2 Bd6 10. Ng3 Bg6 11. Re1 Nbd7 12. a3 h6 13. Bb4 0-0 14. Bxd6 Qxd6 15. Ne5 Nxe5 16. dxe5 Qxd1 17. Raxd1 Nd5 18. Bd3 Bxd3 19. Rxd3 b5 20. b3 Rac8 21. Ne4 c5 22. c4 bxc4 23. bxc4 Nb6 24. Nd6 Rc7 25. Nb5 Re7 26. Nd6 Rd8 27. Rb3 Red7 28. g3 Nc8 29. Rb5 Nxd6 30. exd6 Rxd6 31. Rxc5 Ra6 32. Ra1 Ra4 33. Rc7 Rd3 34. c5 Rdxa3 35. Rxa3 Rxa3 36. c6 Rc3 37. Rxa7 Rxc6 38. Ra4 g6 39. Kg2 Rc3 40. Re4 Kg7 41. g4 g5 42. h3 Rd3 43. f3 Rd2+ 44. Kg1 Kg6 45. Re5 Rd5 46. Re4 h5 47. Kg2 Rd2+ 48. Kg1 Rd3 49. Kg2 h4 50. Kf2 Rd2+ 51. Kg1 Rd5 52. Kf2 Ra5 53. Kg2 Kf6 54. Kf2 Ra2+ 55. Kg1 Rd2 56. Kh1 Ke7 57. Kg1 Kd6 58. Re3 Kd5 59. Re4 Rd4 60. Re2 e5 61. Kf2 e4 62. fxe4+ Rxe4 63. Rd2+ Rd4 64. Re2 Rf4+ 65. Kg2 f5 66. gxf5 Rxf5 67. Re8 Re5 68. Rd8+ Ke4 69. Ra8 Kf4 70. Rf8+ Ke3 71. Rf3+ Ke4 72. Ra3 Rb5 73. Ra4+ Kf5 74. Ra2 Rb3 75. Ra5+ Kf4 76. Ra4+ Ke3 77. Ra2 Rd3 78. Rb2 Rd4 79. Rb3+ Kf4 80. Rf3+ Ke4 81. Rf2 Rd3 82. Re2+ Re3 83. Kf2 Rxe2+ 84. Kxe2 1/2-1/2

[Event "Bellpuig op 2nd"]
[Site "Bellpuig"]
[Date "2012.01.14"]
[Round "1"]
[White "Pique Safont, Juan Manuel"]
[Black "Monfa Escola, Joel"]
[Result "1-0"]
[WhiteElo "2039"]
[BlackElo "1480"]
[PlyCount "181"]
[EventDate "2012.01.14"]
[EventType "swiss"]
[EventRounds "8"]
[EventCountry "ESP"]
[SourceTitle "EXT 2014"]
[Source "ChessBase"]
[SourceDate "2013.11.20"]
[SourceVersion "1"]
[SourceVersionDate "2013.11.20"]
[SourceQuality "1"]

1. b3 c5 2. Bb2 e6 3. e3 a6 4. Be2 Nc6 5. Nf3 Nf6 6. 0-0 Be7 7. d4 cxd4 8. Nxd4 0-0 9. Nd2 Qc7 10. c4 d6 11. Rc1 Bd7 12. a3 Qd8 13. Bf3 Nxd4 14. Bxd4 Bc6 15. b4 Rc8 16. Qe2 d5 17. b5 axb5 18. cxb5 Bd7 19. Rxc8 Qxc8 20. Qd3 Qa8 21. Ra1 Rc8 22. a4 Bb4 23. Bd1 Bxd2 24. Qxd2 Ne4 25. Qb4 Rc4 26. Qb2 f6 27. Rc1 Qc8 28. Rxc4 Qxc4 29. Qc2 e5 30. Bb2 Nd6 31. Ba3 Qxc2 32. Bxc2 Nc4 33. Bb4 g6 34. Kf1 Kf7 35. Ke2 e4 36. Bb3 Ke6 37. Bc3 f5 38. h3 Kd6 39. Bd4 Be8 40. Kd1 Bd7 41. Kc2 Be6 42. Kc3 Kc7 43. Bc5 b6 44. Bd4 Kb7 45. Bf6 Kc7 46. Bg5 Kd7 47. Bf4 Bf7 48. Kd4 Be6 49. Bd1 Nb2 50. Bc2 Nc4 51. Be5 Bf7 52. Kc3 Be6 53. Bd4 Kc7 54. Bd1 Bf7 55. Kb4 Na5 56. g4 Be6 57. Be5+ Kd7 58. gxf5 Bxf5 59. h4 h5 60. Be2 Be6 61. f3 Bf5 62. Kc3 Be6 63. fxe4 dxe4 64. Kd4 Bf5 65. Bd1 Nb7 66. Bc2 Nc5 67. a5 Ne6+ 68. Kd5 bxa5 69. b6 Nd8 70. Ba4+ Kc8 71. Bc7 Nb7 72. Bc2 Kd7 73. Bxe4 Bxe4+ 74. Kxe4 Ke6 75. Kd4 Kd7 76. Kd5 Kc8 77. Kc6 a4 78. Be5 a3 79. Bc3 a2 80. Kb5 Nd6+ 81. Ka6 Nb7 82. Ka7 Nc5 83. e4 Nb7 84. e5 Nd8 85. e6 Nc6+ 86. Ka8 Kd8 87. Bf6+ Ke8 88. b7 Kf8 89. b8Q+ Nxb8 90. Kxb8 Kg8 91. Kc8 1-0

[Event "Balaguer op 10th"]
[Site "Balaguer"]
[Date "2005.07.23"]
[Round "6"]
[White "Pique Safont, Juan Manuel"]
[Black "Munoz Santana, Jose Lisandro"]
[Result "0-1"]
[WhiteElo "2027"]
[BlackElo "2342"]
[PlyCount "28"]
[EventDate "2005.07.18"]
[EventType "swiss"]
[EventRounds "9"]
[EventCountry "ESP"]
[SourceTitle "CBM 107 Extra"]
[Source "ChessBase"]
[SourceDate "2005.09.01"]
[SourceVersion "1"]
[SourceVersionDate "2005.09.01"]
[SourceQuality "1"]

1. d4 Nf6 2. Nf3 e6 3. c4 c5 4. Nc3 cxd4 5. Nxd4 a6 6. g3 Qb6 7. e3 Nc6 8. a3 Qc7 9. b4 Ne5 10. Na4 b6 11. f3 Rb8 12. Nb2 Bb7 13. Bd2 h5 14. h4 Nxf3+ 0-1

[Event "Martorell op-A"]
[Site "Martorell"]
[Date "1997.??.??"]
[Round "3"]
[White "Picanol Alemany, Antonio"]
[Black "Pique Safont, Juan Manuel"]
[Result "1-0"]
[WhiteElo "2355"]
[BlackElo "2015"]
[PlyCount "47"]
[EventDate "1997.09.??"]
[EventType "swiss"]
[EventRounds "9"]
[EventCountry "ESP"]
[SourceTitle "EXT 2003"]
[Source "ChessBase"]
[SourceDate "2002.11.25"]
[SourceVersion "1"]
[SourceVersionDate "2002.11.25"]
[SourceQuality "1"]

1. e4 d5 2. exd5 Qxd5 3. Nc3 Qa5 4. Bc4 Nf6 5. d4 c6 6. Qe2 Bg4 7. f3 Bh5 8. Nh3 e6 9. Nf4 Be7 10. g4 Bg6 11. h4 h6 12. Nxg6 fxg6 13. Qxe6 Qc7 14. Ne2 Nd5 15. Qxg6+ Kd8 16. Bxd5 cxd5 17. Nf4 Qd7 18. Bd2 Bf6 19. 0-0-0 Re8 20. g5 hxg5 21. hxg5 Be7 22. Rh7 Bf8 23. Rh8 Kc7 24. Rxf8 1-0

[Event "Mollerussa op-A"]
[Site "Mollerusa"]
[Date "1997.??.??"]
[Round "9"]
[White "Pique Safont, Juan Manuel"]
[Black "Castany Pampalona, Andreu"]
[Result "1/2-1/2"]
[WhiteElo "2000"]
[BlackElo "2015"]
[PlyCount "129"]
[EventDate "1997.??.??"]
[EventType "swiss"]
[EventRounds "9"]
[EventCountry "ESP"]
[SourceTitle "EXT 2003"]
[Source "ChessBase"]
[SourceDate "2002.11.25"]
[SourceVersion "1"]
[SourceVersionDate "2002.11.25"]
[SourceQuality "1"]

1. e4 c6 2. d4 d5 3. e5 Bf5 4. g4 Bd7 5. f4 e6 6. Nf3 h5 7. g5 Ne7 8. Bd3 Nf5 9. Bxf5 exf5 10. Rg1 g6 11. h4 Na6 12. c3 Nc7 13. Be3 Ne6 14. Nbd2 Qc7 15. Nb3 b5 16. Nc5 a5 17. a3 a4 18. Nd3 Be7 19. Kf2 0-0 20. Kg3 Nd8 21. Nc5 Be6 22. Nd2 Bxc5 23. dxc5 Nb7 24. b4 axb3 25. Nxb3 Ra4 26. Bd4 Rfa8 27. Qc1 Na5 28. Nd2 Ra6 29. Rg2 Qa7 30. Ra2 Nc4 31. Nxc4 Rxc4 32. Rgb2 Rxa3 33. Rxa3 Qxa3 34. Rc2 Qa6 35. Qd2 Ra4 36. Be3 Ra3 37. Kf2 Qa4 38. Bd4 Qc4 39. Qe2 Qa4 40. Qd2 Qa6 41. Be3 Kf8 42. Bd4 Ke7 43. Be3 Bc8 44. Rb2 Ke6 45. Qc1 Ra1 46. Qd2 Qa4 47. Qd4 Ba6 48. Kg3 Qa3 49. Qb4 Ra2 50. Qxa3 Rxa3 51. Bd4 Ra1 52. Rb4 Rd1 53. Rb2 Rd3+ 54. Kg2 Rd1 55. Ra2 Bc8 56. Rb2 Rd3 57. Rb3 Rd2+ 58. Kg3 Ra2 59. Rb1 Kd7 60. Kf3 Kc7 61. Rb4 Kb7 62. Kg3 Ka6 63. Kf3 Ka5 64. Rb1 Ra4 65. Ke3 1/2-1/2

[Event "Martorell op-A"]
[Site "Martorell"]
[Date "1997.??.??"]
[Round "9"]
[White "Roca Calaf, Jordi"]
[Black "Pique Safont, Juan Manuel"]
[Result "1-0"]
[WhiteElo "2055"]
[BlackElo "2000"]
[PlyCount "105"]
[EventDate "1997.09.??"]
[EventType "swiss"]
[EventRounds "9"]
[EventCountry "ESP"]
[SourceTitle "EXT 2003"]
[Source "ChessBase"]
[SourceDate "2002.11.25"]
[SourceVersion "1"]
[SourceVersionDate "2002.11.25"]
[SourceQuality "1"]

1. e4 d5 2. exd5 Qxd5 3. Nc3 Qa5 4. d4 Nf6 5. Nf3 Bg4 6. h3 Bh5 7. g4 Bg6 8. Ne5 c6 9. Bd2 Qc7 10. Bg2 Nbd7 11. f4 h6 12. Nxg6 fxg6 13. Qf3 e6 14. 0-0-0 0-0-0 15. Rhe1 Re8 16. g5 Nh5 17. d5 Nb8 18. Rxe6 Rxe6 19. dxe6 Bd6 20. Ne4 Be7 21. gxh6 gxh6 22. Bc3 Rd8 23. Be5 Rxd1+ 24. Qxd1 Qb6 25. Bd6 Bxd6 26. Nxd6+ Kc7 27. Ne8+ Kc8 28. Nd6+ Kc7 29. Nf7 Kc8 30. Qe1 Nf6 31. e7 Ne8 32. h4 Nd7 33. Bh3 Qd4 34. Ne5 Qxf4+ 35. Qd2 Qxd2+ 36. Kxd2 Nef6 37. e8Q+ Nxe8 38. Bxd7+ Kd8 39. Bxe8 Kxe8 40. Nxg6 Kf7 41. Nf4 Kf6 42. Ke3 Kf5 43. Kf3 a5 44. Nd3 b6 45. b3 b5 46. Nc5 Ke5 47. Ke3 Kd5 48. Nb7 a4 49. h5 c5 50. Nd8 axb3 51. axb3 c4 52. b4 c3 53. Kd3 1-0